La lluvia y el buen tiempo. Meteorología popular (Registro nro. 309883)

Detalles MARC
000 -ENCABEZADO
Número de control [NR] 01742nam a2200253 4500
005 - FECHA Y HORA DE LA ÚLTIMA TRANSACCIÓN
control field 20180515113315.0
008 - DE LONGITUD FIJA DE DATOS DE ELEMENTOS - INFORMACIÓN GENERAL
Elementos de longitud fija [NR] 180511n sp a|||fr|||| 001 0 spa d
040 ## - FUENTE DE CATALOGACION [NR]
Agencia de catalogación original [NR] CO-BoUCM
Idioma de catalogación [NR] spa
Quien Cataloga Sandra Yazo
Quien Clasifica Sandra Yazo
041 1# - CODIGO DE IDIOMA [R]
Código de idioma para texto/pista de sonido o título separado [R] Español
082 04 - NUMERO DE CLASIFICACION DECIMAL DEWEY [R]
Número de la edición [NR] 20
Número de clasificación [R] 551.5771
092 ## - SIGNATURA TOPOGRAFICA LOCAL
Número de clasificación local E46N014
100 1# - ASIENTO PRINCIPAL--NOMBRE PERSONAL [NR]
Nombre personal [NR] Laurencin, Pablo
ID Autoridad 92439
245 13 - MENCION DE TITULO [NR]
Título [NR] La lluvia y el buen tiempo. Meteorología popular
Mención de responsabilidad, etc. [NR] Obra ilustrada con grabados y mapas por Pablo Laurencin ; Traducción de Eduardo Sánchez Pardo
260 ## - PUBLICACION, DISTRIBUCION, ETC. (PIE DE IMPRENTA) [R]
Lugar de publicación, distribución, etc. [R] Madrid (España)
Nombre del editor, distribuidor, etc. [R] Imprenta de Gaspar ... (Antes Gaspar y Roig)
Fecha de publicación, distribución, etc. [R] [fecha desconocida]
300 ## - DESCRIPCION FISICA [R]
Extensión [R] 207 páginas.
Otros detalles físicos [NR] ilustraciones
Dimensiones [R] 18 x 11 cm
490 0# - MENCION DE SERIE [R]
Mención de serie [R] Biblioteca científica creativa
500 ## - NOTA GENERAL [R]
Nota general [NR] Detalles físicos: Encuadernación rígida de calidad (holandesa) en cartón duro forrado en papel jaspeado con lomo de cuero (verde), nervaduras sobre costuras y adornos en dorado. Guardas simulando papel de agua. Hoja de cortesía. Anteportada. Portada impresa en una sola tinta. Texto impreso en una sola columna. Grabados dentro del texto. Índice. Cinta para señalar la lectura. En primera página sello seco (Librería de Rafael Estévez)
505 0# - NOTA DE CONTENIDO CON FORMATO PREESTABLECIDO [R]
Nota de contenido con formato preestablecido [NR] Introducción ; La lluvia y el buen tiempo ; La atmósfera ; El calor atmosférico ; Las corrientes atmosféricas ; El agua en la atmósfera ; La lluvia ; Los beneficios de la lluvia ; Perjuicios que ocasiona la lluvia ; La tempestad ; El arco-irisa ; El buen tiempo ; Los climas ; Las estaciones ; La previsión del tiempo ; La luna ; Higiene de la lluvia y del buen tiempo
506 ## - NOTA DE RESTRICCIONES DE ACCESO [R]
Condiciones de acceso [NR] Consulta en sala
650 #7 - ASIENTO SECUNDARIO DE MATERIA - TERMINO TEMATICO [R]
9 (RLIN) 18773
Término temático o nombre geográfico como elemento de entrada [NR] Lluvia
Subdivisión general [R] Meteorología
650 #7 - ASIENTO SECUNDARIO DE MATERIA - TERMINO TEMATICO [R]
9 (RLIN) 19412
Término temático o nombre geográfico como elemento de entrada [NR] Meteorología
690 ## - ASUNTO AGREGADO LOCAL DE ENTRADA - TÉRMINO TEMÁTICO (OCLC, RLIN)
Acceso temático local Ciencias naturales
9 (RLIN) 10813
942 ## - ELEMENTOS DE ENTRADA AGREGADOS (KOHA)
Sistema de clasificación LOCAL
Tipo de ítem principal el descrito en 300a Libro
Edición 1
Clasificación E46N014
Existencias
Suprimido Perdido Sistema de clasificación Dañado No prestable Tipo de ítem específico Ubicación habitual Ubicación actual Localización Fecha de creación Forma de adquisición Costo Total préstamos Signatura topográfica Código de barras Última vez visto Ejemplar Price effective from Tipo de ítem
    LOCAL     Libro archivo Archivo Histórico Archivo Histórico Archivo histórico 15/05/2018 Donación 0.00   E46N014 L006567 15/05/2018 Ej.1 15/05/2018 Libro